Felting Fashion : Creative & Inspirational Techniques for Felt-makers (Record no. 355875)
[ view plain ]
| 000 -LEADER | |
|---|---|
| fixed length control field | 00917nam a22001937a 4500 |
| 005 - DATE AND TIME OF LATEST TRANSACTION | |
| control field | 20230825105844.0 |
| 008 - FIXED-LENGTH DATA ELEMENTS--GENERAL INFORMATION | |
| fixed length control field | 230823b |||||||| |||| 00| 0 eng d |
| 020 ## - INTERNATIONAL STANDARD BOOK NUMBER | |
| International Standard Book Number | 9781906388140 |
| 041 ## - LANGUAGE CODE | |
| Language code of text/sound track or separate title | eng |
| 082 ## - DEWEY DECIMAL CLASSIFICATION NUMBER | |
| Classification number | 746.92 |
| Item number | HOU |
| 100 ## - MAIN ENTRY--PERSONAL NAME | |
| Author | Houghton Lizzie |
| 245 ## - TITLE STATEMENT | |
| Title | Felting Fashion : Creative & Inspirational Techniques for Felt-makers |
| 260 ## - PUBLICATION, DISTRIBUTION, ETC. | |
| Place of publication, distribution, etc. | London |
| Name of publisher, distributor, etc. | Batsford |
| Date of publication, distribution, etc. | 2009 |
| 300 ## - PHYSICAL DESCRIPTION | |
| Extent | 127 |
| 365 ## - TRADE PRICE | |
| Price amount | 1572.37 |
| Currency code | Rs.00 |
| 520 ## - SUMMARY, ETC. | |
| Summary, etc. | • Equipment for Feltmaking<br/>• How to Make Felt<br/>• Working with Cords, Spikes & Balls<br/>• Working with Network Felt<br/>• Using Resist & Templates<br/>• Embellishment<br/>• Making Hats<br/>• Seamless Felt Jacket<br/>• Nuno Felt<br/>• Nuno-Felt vest top<br/>• Nuno-felt Jackets<br/>• Dyeing wool & silk with acid dyes<br/>• Nuno-felt jackets using a template <br/>• Mosaic jacket<br/>• Long & Full-skirted nuno-felt coat<br/> |
| 650 ## - SUBJECT ADDED ENTRY--TOPICAL TERM | |
| Topical term or geographic name entry element | Fashion |
| 942 ## - ADDED ENTRY ELEMENTS (KOHA) | |
| Koha item type | Books |
| Withdrawn status | Lost status | Source of classification or shelving scheme | Damaged status | Not for loan | Home library | Current library | Date acquired | Vendor | Net Price | Bill number | Full call number | Barcode | Date last seen | Discount | Actual Price | Bill Date | Koha item type | Original Barcode |
|---|---|---|---|---|---|---|---|---|---|---|---|---|---|---|---|---|---|---|
| Dewey Decimal Classification | School of Fashion Technology | School of Fashion Technology | 19/08/2023 | Honesty Subscription Agency | 1572.37 | 50842 | 746.92 HOU | SOFT-BK-4176 | 23/08/2023 | 25% | 2096.49 | 04/08/2023 | Books | 004176 |